000 00485nam a2200193 a 4500
001 1767681889823
003 YourLibrary
005 20260107144231.0
008 260106s2003##################000#0#eng##
020 _a9780826465801
082 0 4 _a300.72
_bTOR
100 1 _aTorgerson, Carole,
_eauthor.
245 1 0 _aSystematic Reviews :
260 _bContinuum,
_c2003.
300 _a116 pages
650 0 _aEducation.
942 _cENGLISH
040 _aYourLibrary
_beng
_cYourLibrary
999 _c607419
_d607419